000 nam a22 7a 4500
999 _c9501
_d9501
008 180201b ||||| |||| 00| 0 eng d
100 _aTripathi, S B
_95689
245 _aLaboratory skills : Mathematics Part - IX
260 _aNew Delhi
_bArya Publication
_c2007